| 000 | 00490cam a2200193ua 4500 | ||
|---|---|---|---|
| 001 | 9684 | ||
| 008 | 160319n ii |||gr||||Z||||||hin | ||
| 020 | _a9788190866835 | ||
| 040 | _cMAIN | ||
| 041 | _ahin | ||
| 082 | _a891.43 | ||
| 100 |
_aSahay, Alakh Niranjan, _eAuthor. |
||
| 245 | 1 |
_aGadya katha sahitya _ced. by Alakh Niranjan Sahay |
|
| 250 | _a1st ed./rep. | ||
| 260 |
_aDibrugarh: _bMahaveer publications, _c2014. |
||
| 300 | _aC.18p. | ||
| 653 | _aHindi literature | ||
| 942 | _cBK | ||
| 999 |
_c8701 _d8701 |
||